東京科学大合格者数10人以上の高校(2025年) - Statistics

General Stats
  • This quiz has been taken 17 times
  • The average score is 19 of 30
Answer Stats
人数 所在地 学校名 % Correct
18 千葉 千葉
100%
24 千葉 船橋
93%
22 東京 開成
93%
18 千葉 渋谷教育学園幕張
93%
15 東京 日比谷
93%
11 神奈川 横浜翠嵐
93%
20 千葉 市川
86%
17 神奈川 聖光学院
86%
16 東京 国立
86%
14 神奈川 湘南
86%
23 東京 麻布
79%
21 埼玉 大宮
79%
20 神奈川 浅野
79%
17 東京 筑波大学附属
79%
21 東京 戸山
71%
14 東京 武蔵
71%
12 神奈川 栄光学園
71%
11 東京 桜蔭
71%
20 東京 早稲田
57%
11 東京 新宿
57%
11 東京
50%
10 千葉 昭和学院秀英
50%
10 東京 桐朋
50%
10 神奈川 柏陽
36%
12 東京 豊島岡女子学園
29%
10 千葉 東邦大学付属東邦
29%
10 神奈川 平塚
21%
11 東京 広尾学園
14%
11 東京 高輪
14%
10 神奈川 フェリス女学院
14%
No matching quizzes found
Score Distribution
Percent of People with Each Score
Percentile by Number Answered
Your Score History
You have not taken this quiz